| 000 | 00545nam a2200181 i 4500 | ||
|---|---|---|---|
| 001 | 78233 | ||
| 003 | ES-MaACL | ||
| 005 | 20230906173619.0 | ||
| 007 | t| | ||
| 008 | 041013s1971 sp ||||1| spa d | ||
| 100 | 1 |
_aHaedrich, Marcel. _961420 |
|
| 245 | 1 | 0 |
_aRosine _b: ; Belle de Paris / _cMarcel Haedrich ; [traducción, José María Claramunda]. |
| 250 | _a[1ª ed.]. | ||
| 260 |
_aBarcelona : _bBruguera, _c[1971] |
||
| 300 |
_a556 p. ; _c19 cm. |
||
| 700 | 1 |
_aClaramunda Bes, José María. _938998 |
|
| 852 |
_aES-MaACL _jC-45956 _bR.77723 |
||
| 999 |
_c78233 _d78233 |
||